Real Madrid 25/26 Squad - Statistics

General Stats
  • This quiz has been taken 21 times
  • The average score is 22 of 27
Answer Stats
Country Position Answer % Correct
Ukraine GK Andriy Lunin
100%
Germany CB Antonio Rudiger
100%
Austria CB David Alaba
100%
Uruguay CM Federico Valverde
100%
England CAM Jude Bellingham
100%
France ST Kylian Mbappe
100%
Belgium GK Thibaut Courtois
100%
England RB Trent Alexander Arnold
100%
Brazil LW Vinicius Junior
100%
Turkiye CAM Arda Guler
94%
France CDM Aurelien Tchouameni
94%
Brazil CB Eder militao
94%
France CDM Eduardo Camavinga
94%
Brazil RW Rodrygo
94%
Spain RB Daniel Carvajal
88%
Spain LB Fran Garcia
88%
Spain ST Gonzalo Garcia
88%
France LB Ferland Mendy
82%
Spain Coach Alvaro Arbeloa
76%
Morocco RW Brahim Diaz
71%
Argentina RW Frank Mastantuono
65%
Spain LB Alvaro Carreras
59%
Spain CB Dean Huijsen
59%
Spain CM Dani Ceballos
53%
Spain GK Fran Gonzalez
41%
Spain CB Raul Asencio
41%
Spain CM Thiago Pitarch
41%
No matching quizzes found
Score Distribution
Percent of People with Each Score
Percentile by Number Answered
Your Score History
You have not taken this quiz